LEADER 04442oas 2201573 a 450 001 9910144319003321 005 20251106213014.0 011 $a1953-8146 035 $a(DE-599)2209294-8 035 $a(OCoLC)60625228 035 $a(CONSER) 2009235261 035 $a(CKB)954925529914 035 $a(EXLCZ)99954925529914 100 $a20050614a19469999 sy b 101 0 $afre 135 $aurun||||||||| 181 $ctxt$2rdacontent 182 $cc$2rdamedia 183 $acr$2rdacarrier 200 10$aAnnales 210 $aParis $cA. Colin$d1946- 210 3 $a[Cambridge] $cCambridge University Press 215 $a1 online resource 300 $aRefereed/Peer-reviewed 300 $aTitle sometimes cited as: Annales, e?conomies, socie?te?s, civilisations, 1946-1993; as: Annales, histoire, sciences sociales, 1994- 300 $aPublished by: Editions de l'Ecole des hautes e?tudes en sciences sociales, 1998- 300 $aEditors: Lucien Febvre and others, 1946- 311 08$a0395-2649 517 3 $aAnnales, e?conomies, socie?te?s, civilisations 517 3 $aAnnales, histoire, sciences sociales 606 $aSocial sciences$vPeriodicals 606 $aEconomics$vPeriodicals 606 $aHistory$vPeriodicals 606 $aSocial history$y1945-$vPeriodicals 606 $aEconomic history$vPeriodicals 606 $aCivilization$vPeriodicals 606 $aHistoriography$zFrance$vPeriodicals 606 $aHistoire sociale$y1945-$vPe?riodiques 606 $aHistoire e?conomique$vPe?riodiques 606 $aHistoire$vPe?riodiques 606 $aCivilisation$vPe?riodiques 606 $aHistoriographie$zFrance$vPe?riodiques 606 $aSciences sociales$vPe?riodiques 606 $aSocial history$2fast$3(OCoLC)fst01122498 606 $aHistoriography$2fast$3(OCoLC)fst00958221 606 $aEconomic history$2fast$3(OCoLC)fst00901974 606 $aCivilization$2fast$3(OCoLC)fst00862898 606 $aEconomics$2fast$3(OCoLC)fst00902116 606 $aSocial sciences$2fast$3(OCoLC)fst01122877 606 $aHistory$2fast$3(OCoLC)fst00958235 606 $aEconomische geschiedenis$2gtt 606 $aSociale geschiedenis$2gtt 606 $aEconomia$2thub 606 $aSociologia$2thub 606 $aCiències socials$2thub 606 $aHistòria social$2thub 607 $aFrance$2fast$1https://id.oclc.org/worldcat/entity/E39PBJd8gD4vdtqQMdQHvYqbBP 608 $aPeriodicals.$2fast 608 $aPeriodicals.$2lcgft 608 $aRevistes electròniques.$2thub 615 0$aSocial sciences 615 0$aEconomics 615 0$aHistory 615 0$aSocial history 615 0$aEconomic history 615 0$aCivilization 615 0$aHistoriography 615 6$aHistoire sociale 615 6$aHistoire e?conomique 615 6$aHistoire 615 6$aCivilisation 615 6$aHistoriographie 615 6$aSciences sociales 615 7$aSocial history. 615 7$aHistoriography. 615 7$aEconomic history. 615 7$aCivilization. 615 7$aEconomics. 615 7$aSocial sciences. 615 7$aHistory. 615 17$aEconomische geschiedenis. 615 17$aSociale geschiedenis. 615 7$aEconomia. 615 7$aSociologia. 615 7$aCiències socials. 615 7$aHistòria social. 676 $a054/.1 686 $a15.00$2bcl 702 $aFebvre$b Lucien$f1878-1956, 801 0$bOCLCS 801 1$bOCLCS 801 2$bNLGGC 801 2$bOCLCG 801 2$bMUQ 801 2$bEYM 801 2$bHLS 801 2$bCUS 801 2$bOCLCQ 801 2$bOCLCE 801 2$bGWDNB 801 2$bOCLCA 801 2$bOCLCQ 801 2$bGBVCP 801 2$bOCLCQ 801 2$bOCLCF 801 2$bOCLCO 801 2$bOCL 801 2$bVT2 801 2$bOCLCQ 801 2$bDEBBG 801 2$bCSU 801 2$bOCLCO 801 2$bOCLCQ 801 2$bCUS 801 2$bCUI 801 2$bU3W 801 2$bWYU 801 2$bAUD 801 2$bCUI 801 2$bDLC 801 2$bUKMGB 801 2$bS2H 801 2$bOCLCQ 801 2$bOCLCO 801 2$bEZC 801 2$bOCLCQ 801 2$bOCL 801 2$bOCLCL 801 2$bUBY 801 2$bOCLCQ 906 $aJOURNAL 912 $a9910144319003321 996 $aAnnales$970704 997 $aUNINA